LEADER 01098cam0-22003491i-450- 001 990000531320403321 005 20091023124339.0 035 $a000053132 035 $aFED01000053132 035 $a(Aleph)000053132FED01 035 $a000053132 100 $a20020821d1956----km-y0itay50------ba 101 0 $aita 102 $aIT 105 $ay-------001yy 200 1 $aLezioni di geometria analitica$egeometria analitica del piano e dello spazio, i concetti fondamentali della geometriaproiettiva curve e superficie di secondo ordine$fGuido Castelnuovo 205 $a12. ed. 210 $aRoma$cDante$d1956 215 $aVII, 607 p$d25 cm 610 0 $aMatematica$aGeometria analitica 610 0 $aGeometria descrittiva, analitica, differenziale 676 $a514 700 1$aCastelnuovo,$bGuido$f<1865-1952>$0324513 801 0$aIT$bUNINA$gRICA$2UNIMARC 901 $aBK 912 $a990000531320403321 952 $a05 PH 5 41$b1059A$fDININ 952 $a12-008F$b214$fFI1 959 $aDININ 959 $aFI1 996 $aLezioni di geometria analitica$933861 997 $aUNINA LEADER 00900nam0-2200313---450- 001 990008329830403321 005 20061103153310.0 010 $a88-8033-299-6 035 $a000832983 035 $aFED01000832983 035 $a(Aleph)000832983FED01 035 $a000832983 100 $a20060517d2004----km-y0itay50------ba 101 0 $aita 102 $aIT 105 $ay-------001yy 200 1 $a<>vestiti nuovi del narratore$el'adattamento da letteratura a cinema$fArmando Fumagalli 210 $aMilano$cIl castoro$d2004 215 $a387 p.$d20 cm 610 0 $aCinematografo e letteratura 676 $a791.4375$v21$zita 700 1$aFumagalli,$bArmando$0302390 801 0$aIT$bUNINA$gRICA$2UNIMARC 901 $aBK 912 $a990008329830403321 952 $a791.43 FUM 1$bBibl. 52468$fFLFBC 959 $aFLFBC 996 $aVestiti nuovi del narratore$9744093 997 $aUNINA LEADER 01577nam0-2200457---450 001 990005592540203316 005 20200421120732.0 035 $a000559254 035 $aUSA01000559254 035 $a(ALEPH)000559254USA01 035 $a000559254 100 $a19981214d1995----|||y0itaa50------ba 101 $aeng 102 $abe 105 $a0 00||| 200 1 $aSimilarity in language, thought and perception$fedited by Cristina Cacciari$econtributors Dedre Gentner ... [et al.] 210 $aTurnhout$cBrepols$d1995 215 $a157 p.$d24 cm 225 2 $aSemiotic and cognitive studies$fseries editors Umberto Eco e Patrizia Violi$v1 300 $aInterventi presentati nel corso del workshop tenuto all'International center for Semiotic and Cognitive studies di San Marino nel 1991. 410 0$12001$aSemiotic and cognitive studies$v1 606 $aSEMIOTICA$xSTUDI$2F 606 $aPercezione$2F 606 $aArgomentazione$xRuolo [dell'] Analogia$2F 606 $aRagionamento$xAnalogia$2F 606 $aSEGNI$xPERCEZIONE$2F 606 $aCONGRESSI$xSAN MARINO$x1991$2F 620 $dTURNHOUT 676 $a153 702 1$aCACCIARI,$bCristina 702 1$aGENTNER,$bDedre 801 0$aIT$bSA$c20111219 912 $a990005592540203316 950 0$aDipar.to di Filosofia - Salerno$dDFBB 153 SIM$e1478 FIL 951 $aBB 153 SIM$b1478 FIL 959 $aBK 969 $aFIL 979 $c20121027$lUSA01$h1525 979 $c20121027$lUSA01$h1614 996 $aSimilarity in language, thought and perception$9477735 997 $aUNISA